[Event "23rd Hoogeveen Open 2019"]
[Site "Hoogeveen"]
[Date "2019.10.22"]
[Round "5.37"]
[White "Taams, Sander"]
[Black "Vasse, Albert"]
[Result "1/2-1/2"]
[WhiteElo "2094"]
[BlackElo "1934"]
[Annotator "NA"]
[PlyCount "123"]
[EventDate "2019.10.19"]
[EventType "swiss"]
[EventCountry "NED"]
[SourceTitle "playchess.com"]
[Source "ChessBase"]
[SourceQuality "1"]
[TimeControl "40/5400+30:1800+30"]

1. e4 {[%emt 0:00:00]} c5 {[%emt 0:00:00]} 2. Nf3 {[%emt 0:00:00]} Nc6 {[%emt 0:00:00]} 3. Bb5 {[%emt 0:00:00]} g6 {[%emt 0:00:07]} 4. O-O {[%emt 0:00:48]} Bg7 {[%emt 0:00:41]} 5. Nc3 {[%emt 0:02:20]} d6 {[%emt 0:02:07]} 6. Bxc6+ {[%emt 0:01:09]} bxc6 {[%emt 0:00:09]} 7. Re1 {[%emt 0:01:53] B31: Sicilian: 2...Nc6 3 Bb5 g6} (7. e5 Bg4 8. exd6 exd6 9. h3 Bxf3 10. Qxf3 Ne7 11. d3 O-O 12. Bg5 Rb8 13. Rae1 Re8 14. Ne4 Qd7 {1-0 (32) Anand,V (2773)-Baron,T (2532) St Petersburg 2018}) 7... e5 {[%emt 0:01:12]} 8. a3 {[%emt 0:04:11]} Ne7 $146 {[%emt 0:03:35]} ({Predecessor:} 8... a5 9. Na4 Ne7 10. c3 Bg4 11. h3 Bxf3 12. Qxf3 O-O 13. d3 f5 14. Qe2 f4 {½-½ (50) Grimberg,G (2285)-Guilbert,H (2140) Clichy 2001}) 9. b4 {[%emt 0:01:12]} cxb4 {[%emt 0:00:51]} 10. axb4 {[%emt 0:00:06]} O-O {[%emt 0:00:29]} 11. d3 {[%emt 0:01:25]} Bg4 {[%emt 0:02:35]} 12. h3 {[%emt 0:01:11]} Be6 {[%emt 0:00:11]} 13. Be3 {[%emt 0:00:23]} Qd7 {[%emt 0:02:51]} 14. Ng5 {[%emt 0:01:09]} Rfb8 {[%emt 0:01:17]} 15. Nxe6 {[%emt 0:01:18]} Qxe6 {[%emt 0:04:17] [#]} 16. Ra4 $1 {[%emt 0:06:16]} Qd7 {[%emt 0:07:32]} 17. Qd2 {[%emt 0:01:30]} d5 {[%emt 0:03:19]} 18. Bc5 {[%emt 0:00:45]} d4 {[%emt 0:03:23]} 19. Ne2 {[%emt 0:00:27]} Nc8 {[%emt 0:02:31]} 20. Rea1 {[%emt 0:01:34]} Bf8 {[%emt 0:00:42]} 21. Bxf8 {[%emt 0:04:12]} Kxf8 {[%emt 0:00:10]} 22. Qh6+ {[%emt 0:00:55]} Kg8 {[%emt 0:00:14]} 23. Qg5 {[%emt 0:00:16]} Qd6 {[%emt 0:00:46]} 24. f4 {[%emt 0:00:34]} exf4 {[%emt 0:04:46]} 25. Nxf4 {[%emt 0:12:10]} Rb5 {[%emt 0:01:34]} 26. Qh4 {[%emt 0:02:05]} g5 {[%emt 0:00:56]} 27. Qh5 {[%emt 0:06:23]} gxf4 {[%emt 0:07:01]} ({Less strong is} 27... Qxf4 28. Rf1 $17) 28. Qg4+ {[%emt 0:00:08]} Kh8 {[%emt 0:00:12]} 29. Rf1 {[%emt 0:00:42]} Ne7 {[%emt 0:00:24]} 30. Rxf4 {[%emt 0:00:42]} Qe6 31. Qf3 {[%emt 0:00:30]} f5 32. g4 {[%emt 0:00:30]} fxg4 33. hxg4 {[%emt 0:00:30]} Rg5 34. Kf1 {[%emt 0:00:30]} Rag8 35. Rxa7 {[%emt 0:00:30]} R5g7 36. Rf6 {[%emt 0:00:30]} Qc8 37. g5 $2 {[%emt 0:00:30]} (37. Qf2 c5 38. bxc5 Qxc5 39. Ra8) 37... Qb8 {Double Attack} 38. Rd7 {[%emt 0:00:30]} Rxg5 39. Rfd6 {[%emt 0:00:30]} Qf8 40. Qf6+ {[%emt 0:00:30]} Qxf6+ 41. Rxf6 {[%emt 0:30:30]} Rg1+ 42. Ke2 {[%emt 0:00:30]} R1g2+ 43. Rf2 {[%emt 0:00:30]} Rxf2+ 44. Kxf2 {[%emt 0:00:30]} Re8 45. Rxd4 {[%emt 0:00:30]} Kg7 46. Rd6 {[%emt 0:00:30]} Rf8+ 47. Kg3 {[%emt 0:00:30]} Rf6 48. Rd7 {[%emt 0:00:30]} Kf7 49. d4 {[%emt 0:00:30]} Ke8 50. Ra7 {[%emt 0:00:30]} Rf1 51. c4 {[%emt 0:00:30]} Rd1 52. d5 {[%emt 0:00:30]} cxd5 53. exd5 {[%emt 0:00:30]} Rd4 54. b5 {[%emt 0:00:30]} Rxc4 55. b6 {[%emt 0:00:30]} Nf5+ 56. Kf3 {[%emt 0:00:30]} Nd6 57. Rxh7 {[%emt 0:00:30]} (57. b7 $11 Nxb7 58. Rxb7) 57... Rb4 $15 58. Rh8+ {[%emt 0:00:30]} Kd7 59. Rh7+ {[%emt 0:00:30]} Kc8 60. Rc7+ {[%emt 0:00:30]} Kb8 61. Rc6 {[%emt 0:00:30]} Nc4 62. Rh6 {[%emt 0:00:30]} 1/2-1/2

[Event "23rd Hoogeveen Open 2019"]
[Site "Hoogeveen"]
[Date "2019.10.23"]
[Round "6.1"]
[White "Sindarov, Javokhir"]
[Black "Ernst, Sipke"]
[Result "1/2-1/2"]
[WhiteElo "2513"]
[BlackElo "2523"]
[Annotator "TA"]
[PlyCount "85"]
[EventDate "2019.10.19"]
[EventType "swiss"]
[EventCountry "NED"]
[SourceTitle "playchess.com"]
[Source "ChessBase"]
[SourceQuality "1"]

{[%evp 21,85,23,35,38,33,28,43,28,55,52,51,46,34,39,50,32,51,23,12,13,18,5,16,16,47,40,79,66,56,0,83,86,72,73,101,73,246,239,215,0,13,-93,0,-58,-58,-118,-116,-203,-66,-252,-252,-252,-252,-252,-252,-252,-252,-252,-252,-252,-252,-267,-267,-267,-267,-286]} 1. e4 e5 2. Nf3 Nc6 3. Bb5 a6 4. Ba4 Nf6 5. O-O Nxe4 6. d4 b5 7. Bb3 d5 8. dxe5 Be6 9. c3 Be7 10. Nbd2 O-O 11. Bc2 Nxd2 12. Bxd2 {C83: Open Ruy Lopez: 9 c3 Be7} (12. Qxd2 Qd7 13. Re1 f6 14. Qd3 g6 15. Bh6 Rfe8 16. exf6 Bxf6 17. Bb3 Bf7 18. Rad1 Ne5 19. Nxe5 Bxe5 {½-½ (33) Shankland,S (2638)-Kaidanov,G (2561) Las Vegas 2015}) 12... Qd7 13. Bf4 Rad8 14. a4 {White is slightly better.} d4 $146 ({Predecessor:} 14... Bf5 15. axb5 axb5 16. Bd3 Rb8 17. Bxf5 Qxf5 18. Qxd5 Rb6 19. Qd2 Rd8 20. Qc1 {1-0 (35) Remmeke,H (2181)-Knicknie,P (1735) Germany 2006}) 15. axb5 axb5 16. Qd3 {[%csl Gc2][%cal Rd3h7][%mdl 64] Double Attack} g6 17. Qxb5 Rb8 18. Qa4 Rxb2 19. Rfd1 ({Reject} 19. cxd4 Rb4 $15) 19... Rfb8 20. h3 {[%cal Rf3d4]} Qd5 21. Nxd4 Nxd4 22. Rxd4 Qc5 23. Bc1 $36 {[%mdl 2048] White is pushing.} Bb3 24. Bxb3 R2xb3 25. e6 (25. Bh6 $14 R3b5 26. Rad1) 25... Qxc3 (25... fxe6 $11 26. Bf4 e5) 26. exf7+ $16 Kxf7 {...Ra3! is the strong threat.} 27. Rd7 {Hoping for Qe4!} R8b4 28. Bg5 Qe5 $2 (28... Rxa4 $16 29. Rxe7+ Kg8 30. Re8+ Kf7 $1 {[%mdl 512]} 31. Re7+ Kg8 32. Re8+ Kf7 $1 {[%mdl 512]} 33. Re7+) 29. Qa2 $1 $18 Qxg5 30. Re1 $2 (30. Rd3 $1 $18) 30... Kf8 $11 {Threatens to win with ...Bd6.} 31. Rxc7 {[#]} (31. Rdxe7 $11 Qxe7 32. Rxe7 Kxe7 33. Qd2) 31... Bd8 (31... Bd6 $1 $17 {[%cal Rd6c7]} 32. Rxh7 Qf4) 32. Rxh7 (32. Rd7 $1 $11 Rb7 33. Qa4 (33. Rxb7 $2 Rxb7 34. Rd1 Ba5 $19)) 32... Rb7 $1 $15 33. Rh8+ ({Don't play} 33. Rxb7 Rxb7 34. Rd1 Rb8 $17) (33. Rd1 $15 Rxh7 34. Qxb3) 33... Kg7 $17 34. Qa1+ (34. Rhe8 $17 {was called for.}) 34... Qf6 (34... Rb2 $19 35. Rhe8 {[#]} Qc5 $1 {[%mdl 512]}) 35. Rxd8 $2 (35. Qxf6+ $15 Bxf6 36. Rhe8) 35... Rb2 $19 {Black has a decisive advantage.} 36. Qxb2 Rxb2 37. Rd7+ Kh6 38. Rf1 Qf5 39. Rd4 Re2 40. Rg4 Qc5 41. Rg3 g5 42. Rf3 Qe5 43. Rb1 {[%mdl 32768] Accuracy: White = 41%, Black = 44%. . An unexpected result.} 1/2-1/2

[Event "23rd Hoogeveen Open 2019"]
[Site "Hoogeveen"]
[Date "2019.10.23"]
[Round "6.2"]
[White "Werle, Jan"]
[Black "Beerdsen, Thomas"]
[Result "1/2-1/2"]
[WhiteElo "2544"]
[BlackElo "2472"]
[Annotator "RC"]
[PlyCount "113"]
[EventDate "2019.10.19"]
[EventType "swiss"]
[EventCountry "NED"]
[SourceTitle "playchess.com"]
[Source "ChessBase"]
[SourceQuality "1"]
[TimeControl "40/5400+30:1800+30"]

1. d4 {[%emt 0:00:00]} d5 {[%emt 0:00:00]} 2. c4 {[%emt 0:00:00]} c6 {[%emt 0:00:00]} 3. e3 {[%emt 0:00:42]} Nf6 {[%emt 0:00:00]} 4. Nc3 {[%emt 0:00:05]} g6 {[%emt 0:00:05]} 5. Nf3 {[%emt 0:00:38]} Bg7 {[%emt 0:00:06]} 6. Be2 {[%emt 0:00:30]} O-O {[%emt 0:00:11]} 7. O-O {[%emt 0:00:52]} dxc4 {[%emt 0:00:06]} 8. Bxc4 {[%emt 0:00:21]} Nbd7 {[%emt 0:00:06]} 9. Bb3 {[%emt 0:08:58]} b5 {[%emt 0:02:42]} 10. Re1 {[%emt 0:03:45]} Bb7 {[%emt 0:15:56]} 11. e4 {[%emt 0:06:36]} c5 {[%emt 0:12:17]} 12. e5 {[%emt 0:07:10]} Ne8 {[%emt 0:11:56]} 13. Ng5 {[%emt 0:15:25]} cxd4 {[%emt 0:13:35]} 14. Nxf7 {[%emt 0:07:27]} Rxf7 {[%emt 0:01:23]} 15. e6 {[%emt 0:03:19]} Nd6 {[%emt 0:03:27]} 16. exf7+ {[%emt 0:00:14]} Kh8 {[%emt 0:02:00]} 17. Nd5 {[%emt 0:02:41]} e5 {[%emt 0:01:58]} 18. Bd2 {[%emt 0:06:59]} a5 {[%emt 0:10:04]} 19. a4 {[%emt 0:08:21]} Nc4 {[%emt 0:02:43]} 20. Nf4 {[%emt 0:02:52]} Qg5 {[%emt 0:05:10]} 21. h4 {[%emt 0:01:28]} Qxh4 {[%emt 0:01:46]} 22. Nh3 {[%emt 0:07:13]} Nxd2 {[%emt 0:04:17]} 23. Qxd2 {[%emt 0:00:12]} Bf6 {[%emt 0:04:57]} 24. f3 {[%emt 0:09:53]} Kg7 {[%emt 0:03:13]} 25. Rac1 {[%emt 0:01:30]} e4 {[%emt 0:02:21]} 26. fxe4 {[%emt 0:00:20]} Qg3 {[%emt 0:00:57]} 27. Be6 {[%emt 0:01:49]} Nf8 {[%emt 0:01:31]} 28. Bd5 {[%emt 0:01:00]} Bxd5 {[%emt 0:00:19]} 29. exd5 {[%emt 0:00:04]} d3 {[%emt 0:00:20]} 30. Re4 {[%emt 0:00:51]} bxa4 {[%emt 0:00:58]} 31. Rf1 {[%emt 0:01:58]} Rb8 {[%emt 0:00:22]} 32. Rxf6 {[%emt 0:00:47]} Kxf6 {[%emt 0:00:06]} 33. Rf4+ {[%emt 0:00:13]} Kg7 {[%emt 0:00:35]} 34. Qc3+ {[%emt 0:00:45]} Kh6 {[%emt 0:00:04]} 35. Rf3 {[%emt 0:00:33]} Qd6 {[%emt 0:00:53]} 36. Nf2 {[%emt 0:00:15]} Rb4 {[%emt 0:00:55]} 37. Rh3+ {[%emt 0:00:39]} Kg5 {[%emt 0:00:05]} 38. Qxd3 {[%emt 0:00:44]} Qf4 {[%emt 0:00:49]} 39. Rg3+ {[%emt 0:01:03]} Kh6 {[%emt 0:00:22]} 40. Qc3 {[%emt 0:01:08]} Qd4 {[%emt 0:00:40]} 41. Qxd4 {[%emt 0:19:15]} Rxd4 {[%emt 0:00:05]} 42. Rd3 {[%emt 0:00:14]} Rxd3 {[%emt 0:10:33]} 43. Nxd3 {[%emt 0:00:04]} Kg7 {[%emt 0:00:05]} 44. Ne5 {[%emt 0:02:28]} Kf6 {[%emt 0:00:15]} 45. Nc6 {[%emt 0:00:08]} Kxf7 {[%emt 0:00:49]} 46. Nxa5 {[%emt 0:00:09]} Nd7 {[%emt 0:01:59]} 47. Nc4 {[%emt 0:00:16]} Nc5 {[%emt 0:01:26]} 48. Nb6 {[%emt 0:02:16]} Kf6 {[%emt 0:01:18]} 49. d6 {[%emt 0:02:30]} Ke6 {[%emt 0:02:52]} 50. d7 {[%emt 0:00:04]} Ke7 {[%emt 0:01:02]} 51. Kf1 {[%emt 0:01:21]} Nxd7 {[%emt 0:01:34]} 52. Kg1 {[%emt 0:00:15]} Ke6 53. Nxa4 {[%emt 0:00:04]} Kd5 54. Nc3+ {[%emt 0:00:03]} Kc4 {[%emt 0:00:01]} 55. Ne4 Kb3 {[%emt 0:00:04]} 56. Kf2 {[%emt 0:00:04]} Kxb2 {[%emt 0:00:01]} 57. Ke3 1/2-1/2

[Event "23rd Hoogeveen Open 2019"]
[Site "Hoogeveen"]
[Date "2019.10.23"]
[Round "6.3"]
[White "Kirchei, Viktoriia"]
[Black "Akash, Ganesan"]
[Result "1/2-1/2"]
[WhiteElo "2051"]
[BlackElo "2449"]
[Annotator "TA"]
[PlyCount "123"]
[EventDate "2019.10.19"]
[EventType "swiss"]
[EventCountry "NED"]
[SourceTitle "playchess.com"]
[Source "ChessBase"]
[SourceQuality "1"]

{[%evp 13,123,20,29,21,48,57,55,59,158,160,159,158,162,149,244,171,159,118,187,180,180,185,175,179,179,168,183,183,181,181,191,191,191,191,205,213,248,262,274,261,335,331,324,330,304,261,435,245,407,116,229,0,0,0,0,0,0,0,0,0,0,0,0,0,0,0,0,0,0,0,0,0,0,0,0,0,0,0,0,0,0,0,0,0,0,0,0,0,0,0,0,0,0,0,0,0,0,0,0,0,0,0,0,0,0,0,0,0,0,0,0,0]} 1. e4 c5 2. Nf3 Nc6 3. Bb5 g6 4. Bxc6 dxc6 5. d3 Bg7 6. h3 e5 7. Be3 Qe7 8. a4 {B31: Sicilian: 2...Nc6 3 Bb5 g6} f5 $146 ({Predecessor:} 8... Nf6 9. Qd2 c4 10. Qc3 cxd3 11. cxd3 Nd7 12. a5 Qe6 13. O-O O-O 14. Rc1 Nb8 {½-½ (112) Iordachescu,V (2603)-Kuzubov,Y (2554) Port Erin 2006}) 9. exf5 gxf5 10. O-O {White is slightly better.} Qd6 (10... e4 $14) 11. Re1 $16 Ne7 12. Nbd2 Be6 13. Nc4 Qd5 (13... Bxc4 $16 14. dxc4 Qg6) 14. Bg5 {[%cal Rc4e5]} Ng6 15. Qe2 Rg8 (15... O-O $16) 16. Ncxe5 $18 (16. Nfxe5 Bxe5 17. Qh5 Bg7 $11) 16... Bxe5 17. c4 Qd6 18. Nxe5 Nxe5 19. Qxe5 Qxe5 20. Rxe5 Kf7 21. Rae1 Rg6 22. h4 Re8 23. Rxc5 h6 24. Bf4 Rd8 25. h5 Rg4 26. Rce5 Rxf4 27. Rxe6 Rxd3 {[%mdl 4096] Endgame KRR-KRR} 28. Re7+ (28. Rxh6 Rb3 $18) 28... Kf6 29. g3 (29. Rxb7 Rd2 $16) 29... Rxc4 $2 (29... Re4 {might work better.} 30. R1xe4 (30. R7xe4 fxe4 31. Rxe4 Kg5 $18) 30... fxe4 31. Rxb7 (31. Rxe4 Kg5 $18) 31... Rd1+ 32. Kg2 Rd2) 30. R1e6+ Kg5 31. Rg7+ (31. Rh7 $142 {Rg6+ would kill now.} f4 32. Rg6+ (32. Rxb7 Rc1+ 33. Kh2 fxg3+ 34. Kg2 gxf2 $11) (32. Rexh6 fxg3 33. Rg6+ Kh4 $11) 32... Kf5 33. g4+ (33. Rxb7 fxg3 34. Rf7+ Ke5 $16) (33. Rgxh6 Rc1+ 34. Kh2 fxg3+ 35. Kg2 gxf2 $17) (33. Rhxh6 fxg3 34. Rf6+ Kg5 $11) 33... Ke4 34. Kg2 (34. Rxb7 $2 Kf3 $19)) 31... Kxh5 {[#]} 32. Rgg6 $2 ({And not} 32. Rxb7 f4 $11) (32. Kg2 $1 $18 {Threatening mate with Rh7!} Rg4 33. Rxb7) 32... f4 $1 $11 {The position is equal.} 33. gxf4 Rxf4 34. Rxh6+ Kg5 35. Rhg6+ Kf5 36. Rgf6+ Kg4 37. Rg6+ Kh3 38. Rh6+ Rh4 39. Rxh4+ Kxh4 {KR-KR} 40. Re4+ Kh3 {[#] ( -> ...Rd1+)} (40... Kg5 {with more complications.} 41. b4 Ra3 42. Re7 Rxa4 43. Rxb7 Kf4) 41. Kf1 Rd2 42. b3 Rb2 43. b4 b6 44. Rc4 Ra2 45. a5 bxa5 46. bxa5 Rxa5 47. Rxc6 Ra2 48. Rc4 a5 {[%cal Ba7a5,Ba5a4,Ba4a3,Ba3a2][%mdl 32]} 49. Rf4 a4 50. Rc4 Ra3 51. Rd4 Ra1+ 52. Ke2 Ra2+ 53. Kf1 a3 54. Ra4 Ra1+ 55. Ke2 Ra2+ 56. Kf1 $1 Ra1+ 57. Ke2 a2 58. Kf3 Kh2 59. Rh4+ $1 Kg1 60. Rg4+ Kf1 {Strongly threatening ...Rc1.} 61. Rh4 {[%cal Rh4h1]} Kg1 {Hoping for ...Rc1.} 62. Rg4+ {Accuracy: White = 94%, Black = 66%.} 1/2-1/2

[Event "23rd Hoogeveen Open 2019"]
[Site "Hoogeveen"]
[Date "2019.10.23"]
[Round "6.4"]
[White "Basso, Pier Luigi"]
[Black "Jonkman, Harmen"]
[Result "1-0"]
[WhiteElo "2575"]
[BlackElo "2383"]
[Annotator "TA"]
[PlyCount "67"]
[EventDate "2019.10.19"]
[EventType "swiss"]
[EventCountry "NED"]
[SourceTitle "playchess.com"]
[Source "ChessBase"]
[SourceQuality "1"]

{[%evp 14,67,38,36,37,32,37,35,35,26,56,45,50,47,39,30,67,68,71,18,22,22,20,28,17,0,22,29,4,0,37,37,42,43,55,50,76,85,66,68,77,62,114,106,113,95,242,244,336,322,341,319,308,235,483,485]} 1. d4 d5 2. c4 dxc4 3. Nf3 a6 4. e3 e6 5. Bxc4 c5 6. O-O Nf6 7. b3 cxd4 8. Nxd4 Bd7 {D27: Queen's Gambit Accepted: Classical main line: 7 e4!? and 7 a4} 9. Bb2 Nc6 10. Nf3 Be7 {White is slightly better.} 11. Nbd2 Na5 $146 ({Predecessor:} 11... O-O 12. Rc1 Rc8 13. Ng5 h6 14. Nge4 Nb4 15. a3 Nbd5 16. Qe2 Nxe4 17. Nxe4 Nf6 18. Bd3 {½-½ (28) Laznicka,V (2670)-Harikrishna,P (2730) Prague 2019}) 12. Bd3 Bb5 13. Bxb5+ axb5 14. Qe2 Qb6 15. a4 $1 {[%cal Ra4b5]} b4 16. Qb5+ ({Better is} 16. Bd4 $16 Qa6 17. Qb5+ Nc6 18. Ne5) 16... Qxb5 $11 17. axb5 {And now Nc4 would win.} O-O 18. Bd4 Nd7 19. Rfc1 Rfd8 20. Rc2 b6 $1 21. Rca2 $36 {[%mdl 2048] White is more active.} Rab8 22. Bxb6 {[%mdl 64] [#] Remove Defender} Nxb6 23. Rxa5 Bf6 24. Rc1 Rd3 25. Rc6 h6 26. Kf1 Nd5 27. e4 Bd8 (27... Nc3 $1 $14) 28. Raa6 $16 Ne7 29. Rd6 Rc3 (29... Rxd6 $16 30. Rxd6 Bb6) 30. b6 $18 Rc6 31. Rxc6 Nxc6 {[#]} 32. Nc4 $1 ({Less strong is} 32. b7 Na5 $14) 32... Rb7 33. Ra8 {aiming for Rc8.} Kh7 $2 (33... Rb8 34. Ra6 (34. Rxb8 Nxb8 35. Nfe5 Kf8 $18) 34... Rb7) 34. Rc8 {Accuracy: White = 77%, Black = 42%.} 1-0

[Event "23rd Hoogeveen Open 2019"]
[Site "Hoogeveen"]
[Date "2019.10.23"]
[Round "6.5"]
[White "Dixit, Nikhil"]
[Black "Pruijssers, Roeland"]
[Result "0-1"]
[WhiteElo "2358"]
[BlackElo "2550"]
[Annotator "TA"]
[PlyCount "96"]
[EventDate "2019.10.19"]
[EventType "swiss"]
[EventCountry "NED"]
[SourceTitle "playchess.com"]
[Source "ChessBase"]
[SourceQuality "1"]

{[%evp 10,96,39,11,19,12,24,15,30,25,20,7,15,-11,-14,-11,0,0,8,-4,43,5,5,5,5,4,0,0,7,0,-11,-34,-34,-34,102,43,130,129,170,33,31,0,0,0,0,0,0,-30,-30,-33,-27,-43,-44,-89,-84,-92,-91,-103,-103,-136,-101,-131,-118,-129,-103,-93,-93,-199,-185,-181,-157,-276,-261,-245,-247,-286,-272,-461,-458,-785,-750,-932,-896,-1750,-1602,-1582,-1078,-895,-895]} 1. e4 c5 2. Nf3 e6 3. d4 cxd4 4. Nxd4 Nc6 5. Nc3 Qc7 6. Nb3 Nf6 {B47: Sicilian: Taimanov: 5 Nc3 Qc7 6 f4, 6 g3 and 6 Be2} 7. Bd3 (7. a3 a6 8. f4 d6 9. Bd3 b5 10. Qe2 Be7 11. Be3 Bb7 12. a4 b4 13. Nb1 a5 14. N1d2 O-O 15. O-O Rfe8 16. Bf2 e5 17. f5 d5 18. Bg3 Rad8 19. Kh1 dxe4 20. Nxe4 {0-1 (29) Giaccio,A (2420)-Santos Ruiz,M (2567) Linares 2019}) 7... Be7 8. O-O O-O {The position is equal.} 9. f4 d6 10. Qe2 a6 11. a4 Nb4 12. Kh1 (12. Be3 {with more complications.} e5 13. Nd2 Bg4 14. Qf2 exf4 15. Qxf4 Be6 16. a5) 12... Nxd3 $146 ({Predecessor:} 12... Bd7 13. Rf3 e5 14. f5 d5 15. Rg3 Kh8 16. exd5 Nbxd5 17. Nxd5 Nxd5 {0-1 (60) Vural,O (1896)-Deruni,B (2107) Konya 2010}) 13. cxd3 Bd7 14. Be3 b6 15. Rfc1 {Black must now prevent Nd5!} Qb7 16. a5 b5 17. Na2 Rfc8 18. Nb4 Be8 19. Qd2 Nd7 20. Bd4 Nc5 21. Rc3 Rc7 (21... Na4 $15 {stays ahead.} 22. Rxc8 Rxc8) 22. Rac1 (22. Qc2 $16) 22... Rac8 ({Better is} 22... Qc8 $1 $14) 23. Qc2 $16 Kf8 {[#]} 24. Bg1 ({White has to play} 24. e5 $1 $18 {[%cal Re5d6] Threatens to win with exd6.} Nxb3 25. Rxc7 Rxc7 26. Qxc7 Qxc7 27. Rxc7 Nxd4 28. Nxa6 dxe5 29. Rc8) 24... Qa8 $1 $14 25. e5 {aiming for exd6.} (25. Nd4 {is interesting.} Bd8 26. e5 dxe5 27. Nxb5 Bxb5 28. Bxc5+ Kg8 29. fxe5 Qb7 30. Ra1) 25... Nxb3 26. Rxc7 Rxc7 27. Qxc7 Nxc1 28. exd6 Bd8 29. Qxc1 Bxa5 30. Qc5 {d7+ would kill now.} Bd7 31. Bd4 Bd8 32. Nc2 a5 33. h3 Qc6 34. Kg1 b4 35. Ne3 Qxc5 36. Bxc5 $17 {[%mdl 4096] Endgame KBB-KBN} Bb5 37. d4 Ke8 38. f5 (38. Kf2 $17) 38... Kd7 39. fxe6+ Kxe6 ({But not} 39... fxe6 40. Ng4 $15) 40. Kf2 {[#]} (40. g3 $17) 40... f5 $1 $19 41. g3 g5 42. Kf3 h5 43. g4 $2 (43. Nc2) 43... f4 {Black is clearly winning.} 44. d5+ (44. Nf5 $142 hxg4+ 45. hxg4) 44... Ke5 45. gxh5 fxe3 46. Kxe3 Kxd5 47. Bd4 Bd7 48. h6 Bf5 {Accuracy: White = 30%, Black = 59%.} 0-1

[Event "23rd Hoogeveen Open 2019"]
[Site "Hoogeveen"]
[Date "2019.10.23"]
[Round "6.6"]
[White "Gomes, Mary Ann"]
[Black "Zwirs, Nico"]
[Result "1/2-1/2"]
[WhiteElo "2268"]
[BlackElo "2421"]
[Annotator "TA"]
[PlyCount "141"]
[EventDate "2019.10.19"]
[EventType "swiss"]
[EventCountry "NED"]
[SourceTitle "playchess.com"]
[Source "ChessBase"]
[SourceQuality "1"]

{[%evp 14,140,-10,-20,-17,-35,-30,-27,-24,-15,-21,-18,-18,-35,-24,-36,-22,-12,-5,-29,-26,-35,-8,-28,32,39,47,27,35,32,23,33,20,13,47,33,70,82,64,37,39,43,50,15,15,17,22,11,10,4,6,2,8,-11,8,0,0,0,0,0,8,0,0,-8,-8,-8,-8,-8,-8,-8,-8,-8,-8,-8,-8,-8,-39,-60,-8,-8,-8,-8,-8,-8,-8,-8,-8,-8,-8,-124,-6,-6,-7,-8,-8,-8,-8,-8,-8,-8,-8,-8,-8,-8,-8,-8,-8,-8,0,0,0,0,0,0,0,0,0,0,0,0,0,-29986,0,0,0,0,0,0,0]} 1. Nf3 d5 2. g3 g6 3. c4 dxc4 4. Na3 Bg7 5. Nxc4 Nc6 6. Bg2 e5 7. d3 Nge7 8. O-O O-O {A20: English Opening: 1...e5} 9. Bd2 a5 (9... Be6 10. Rc1 a5 11. Bc3 f6 12. b3 Qd7 13. Nfd2 Rfd8 14. Ne4 b6 15. Bb2 Nd5 16. Nc3 {1-0 (40) Anand,V (2760)-Vachier Lagrave,M (2789) Stavanger 2018}) 10. Bc3 {[%cal Rc4e5]} f6 {Black has an edge.} 11. b3 Be6 12. Bb2 $146 ({Predecessor:} 12. Ne3 Nd4 13. Nd2 Ra7 14. a3 c5 15. b4 cxb4 16. axb4 {0-1 (38) Ziska,H (2545)-Steingrimsson,H (2576) Reykjavik 2017}) 12... Qd7 13. Ncd2 Rad8 14. Rc1 Bh6 15. Qc2 Rf7 16. Rfd1 Nf5 17. Qb1 Qc8 18. e3 Bf8 ({Better is} 18... Nb4 $11) 19. Ne4 $14 Nd6 20. Nxd6 (20. Nc5 $5 {[%cal Rc5e6]}) 20... Bxd6 21. d4 exd4 22. Nxd4 Nxd4 23. Rxd4 c5 24. Rd2 Bf8 25. Rxd8 Qxd8 26. Rd1 Qc8 $1 27. Bc3 b6 28. Qb2 Rd7 29. Re1 f5 30. e4 fxe4 31. Bxe4 Bf7 32. Bg2 Qd8 33. Bf3 Re7 34. Rd1 Rd7 35. Rxd7 Qxd7 36. Qe2 {And now Qe5 would win.} Qe7 37. Qxe7 Bxe7 $11 {[%mdl 4096] Endgame KBB-KBB} 38. Bc6 c4 39. bxc4 Bxc4 40. a4 Bc5 41. Kg2 Kf7 42. f4 Ke6 43. g4 Bd5+ 44. Bxd5+ Kxd5 {KB-KB} 45. f5 $1 gxf5 (45... Kc4 $1 $15 46. Bf6 gxf5 47. gxf5 Kb4) 46. gxf5 Kc4 47. Be1 b5 48. axb5 a4 {Threatens to win with ...a3.} 49. f6 $1 a3 {aiming for ...a2.} 50. Bg3 $1 Kxb5 51. Kf3 {[#]} Kc6 (51... a2 $1 $17 {[%cal Ra2a1]} 52. Be5 {[#]} Bd6 $1 {[%mdl 512]}) 52. Ke4 Kd7 53. Kd5 a2 54. Be5 {[#]} Bd6 $1 {[%mdl 512]} 55. f7 $1 (55. Bxd6 a1=Q) 55... Bf8 56. Bf6 h5 57. Bc3 Ke7 58. Kc4 Kxf7 59. Kb3 h4 {Hoping for ...h3.} 60. h3 Bg7 (60... Bd6 {is interesting.} 61. Kxa2 Kg6 62. Kb3 Kf5 63. Kc4 Ke4) 61. Bxg7 Kxg7 62. Kxa2 {KP-KP} Kf6 63. Kb3 Kf5 64. Kc3 Kf4 65. Kd2 Kg3 66. Ke2 $1 Kxh3 {( -> ...Kg2)} 67. Kf3 Kh2 68. Kf2 {The position is equal.} h3 69. Kf1 Kh1 (69... Kg3 $5 70. Kg1 $8 Kh4 $11) 70. Kf2 h2 (70... Kh2 $5) 71. Kf1 {Accuracy: White = 69%, Black = 58%.} 1/2-1/2